Kompetenz

Saved in:  
Bibliographic Details
Main Author: Kuld, Lothar 1950- (Author)
Format: Print Article
Language:German
Check availability: HBZ Gateway
Interlibrary Loan:Interlibrary Loan for the Fachinformationsdienste (Specialized Information Services in Germany)
Published: 2015
In: Strukturbegriffe der Religionspädagogik
Year: 2015, Pages: 238-243
Online Access: Volltext (kostenfrei)
Volltext (kostenfrei)
Rights Information:InC 1.0

MARC

LEADER 00000caa a22000002c 4500
001 1748061364
003 DE-627
005 20260204120909.0
007 tu
008 210211s2015 xx ||||| 00| ||ger c
020 |a 9783781520271 
035 |a (DE-627)1748061364 
035 |a (DE-599)KXP1748061364 
040 |a DE-627  |b ger  |c DE-627  |e rda 
041 |a ger 
084 |a 0  |a 1  |2 ssgn 
100 1 |e VerfasserIn  |0 (DE-588)123279097  |0 (DE-627)082457417  |0 (DE-576)165886374  |4 aut  |a Kuld, Lothar  |d 1950- 
109 |a Kuld, Lothar 1950- 
245 1 0 |a Kompetenz 
264 1 |c 2015 
336 |a Text  |b txt  |2 rdacontent 
337 |a ohne Hilfsmittel zu benutzen  |b n  |2 rdamedia 
338 |a Band  |b nc  |2 rdacarrier 
540 |q DE-Tue135  |a Urheberrechtsschutz 1.0  |2 rs  |u http://rightsstatements.org/vocab/InC/1.0/ 
601 |a Kompetenz 
773 0 8 |i Enthalten in  |t Strukturbegriffe der Religionspädagogik  |d Bad Heilbrunn : Verlag Julius Klinkhardt, 2015  |g (2015), Seite 238-243  |h 272 Seiten  |w (DE-627)1614207313  |w (DE-576)428637361  |z 9783781520271  |z 3781520277  |7 nnam 
773 1 8 |g year:2015  |g pages:238-243 
776 1 |o 10.15496/publikation-116024 
856 4 1 |u http://hdl.handle.net/10900/174699  |x Resolving-System  |x Digitalisierung  |z kostenfrei  |3 Volltext  |7 0 
856 4 1 |u http://dx.doi.org/10.15496/publikation-116024  |x Resolving-System  |x Digitalisierung  |z kostenfrei  |3 Volltext  |7 0 
935 |a mteo 
951 |a AR 
ELC |b 1 
LOK |0 000 xxxxxcx a22 zn 4500 
LOK |0 001 3851192877 
LOK |0 003 DE-627 
LOK |0 004 1748061364 
LOK |0 005 20240827110353 
LOK |0 008 210211||||||||||||||||ger||||||| 
LOK |0 035   |a (DE-Tue135)1614207313_2015_238 
LOK |0 035   |a (DE-Tue135)821542729_2015_238 
LOK |0 040   |a DE-Tue135  |c DE-627  |d DE-Tue135 
LOK |0 092   |o n 
LOK |0 852   |a DE-Tue135 
LOK |0 852 1  |9 00 
LOK |0 866   |x #183 
LOK |0 935   |a imwa  |a ixau  |a rwrk  |a ixzw 
LOK |0 939   |a 11-02-21  |b l01 
OAS |a 1 
ORI |a TA-MARC-ixtheoa001.raw 
REL |a 1 
SUB |a REL